| 000 | 00393cam a2200157ua 4500 | ||
|---|---|---|---|
| 003 | OSt | ||
| 008 | 210806b ||||| |||| 00| 0 eng d | ||
| 082 |
_a621.402 _bKHU/TE |
||
| 100 | _aKhurmi, R S. | ||
| 245 | _aText book of thermal engineering / | ||
| 250 | _a15 / | ||
| 260 |
_aNew Delhi : _bS.Chand and Co , _c2007. |
||
| 300 | _a895 ; . | ||
| 700 | 1 |
_aGupta, J.K . _91225 |
|
| 942 | _cBK | ||
| 999 |
_c13404 _d13404 |
||